| 000 | 00731nam a2200205 i 4500 | ||
|---|---|---|---|
| 001 | 20308 | ||
| 003 | ES-MaACL | ||
| 005 | 20251003192802.0 | ||
| 007 | t| | ||
| 008 | 021111s1919 sp |||| |bspa d | ||
| 080 | _a929 Miranda, Francisco de | ||
| 100 | 1 |
_aAguilar, Juan María. _918699 |
|
| 245 | 1 | 0 |
_aAportaciones a la biografía del precursor de la independencia Sur Americana D. Francisco de Miranda _b: (trabajo de investigación histórica) / _cJuan María Aguilar. |
| 260 |
_aSevilla : _b[s.n.], _c1919 ( _fTip. Zarzuela) |
||
| 300 |
_a56 p. ; _c28 cm. |
||
| 502 | _aTesis doctoral. | ||
| 600 | 1 | 7 |
_aMiranda, Francisco de, _d1750-1816- _vBiografías _2 _9129975 |
| 852 |
_aES-MaACL _j1718-F-2 |
||
| 999 |
_c20308 _d20308 |
||